00251nam a2200097Ia 4500008004100000100002100041245004400062250001200106260002700118300000800145191201s2019 xx 000 0 und d aSINGH, Harvinder 0aEngineering drawing & computer graphics a6th Rep bDHANPAT RAIaNEW DELHI a518